Preguntas y problemas de física
Salvato in:
| Autori principali: | , |
|---|---|
| Natura: | Libro |
| Lingua: | spagnolo |
| Pubblicazione: |
Lima
Latinoamericana
1976
|
| Soggetti: | |
| Tags: |
Aggiungi Tag
Nessun Tag, puoi essere il primo ad aggiungerne!!
|
MARC
| LEADER | 00000nam a2200000 a 4500 | ||
|---|---|---|---|
| 001 | UCG0275 | ||
| 003 | CL-VaPUC | ||
| 008 | 100318e19760000PE |||||||||||||||||spa|d | ||
| 082 | 0 | 4 | |a 530 |b TAR |2 21 |
| 100 | 0 | |a Tarasov, L |e author |9 547641 | |
| 700 | 0 | |a Tarasova, A |e author |9 547642 | |
| 245 | 1 | 0 | |a Preguntas y problemas de física |
| 300 | |a 246 p | ||
| 942 | |c BK | ||
| 945 | |d 20100318 00:00:00 |a rbrito | ||
| 260 | |a Lima |b Latinoamericana |c 1976 | ||
| 650 | 7 | |a FISICA PROBLEMAS Y EJERCICIOS |2 CL-VaPUC |9 468021 | |
| 583 | |a last modification |c 20121116 10:13:17 |k Rodrigo Vera | ||
| 999 | |c 339962 |d 339960 | ||
| 952 | |0 0 |1 0 |4 0 |6 530_000000000000000_TAR_1976 |7 0 |8 A |9 434235 |a BIBCUR |b BIBCUR |d 2019-11-22 |i 4649486 |l 1 |o 530 TAR 1976 |p 4649486 |r 2025-04-22 |s 2024-05-16 |w 2019-11-22 |y BK |k FIS | ||